000 00316nam a22001337a 4500
020 _a978-81-224-2369-3
082 _a510
_bKIS/M
100 _aDr.HARI KISHAN
245 _aGOLDEN MATHEMATICS
_bCLASS VIII
260 _aDELHI
_bLAXMI PUBLICATIONS
300 _a460
650 _aMATHS FOR CLAQSS VIII
_zINDIA
942 _cBK
999 _c958
_d958